000 00857cam a2200253 a 4500
003 OSt
005 20140310182432.0
008 090618s2009 nyua f 001 0 eng
010 _a 2009419007
020 _a9780205744060 (alk. paper)
020 _a0205744060 (alk. paper)
050 0 0 _aPE 1408
_b.R675 2008
100 1 _aRosa, Alfred F.
_99676
245 1 4 _aThe writer's brief handbook /
_cAlfred Rosa, Paul Eschholz.
250 _aMLA Update ed. ; 6th ed.
260 _aNew York :
_bPearson/Longman,
_cc2008.
300 _a465 p. :
_bcol. ill. ;
_c22 cm.
650 0 _aEnglish language
_xRhetoric
_vHandbooks, manuals, etc.
_99677
650 0 _aEnglish language
_xGrammar
_vHandbooks, manuals, etc.
_99678
650 0 _aReport writing
_vHandbooks, manuals, etc.
_99679
700 1 _aEschholz, Paul A.
_99680
942 _2lcc
_cSSLC
999 _c13395
_d13395